New headway : elementary workbook with key (Record no. 32926)

MARC details
000 -LEADER
fixed length control field 00640nam a2200181Ia 4500
020 ## - INTERNATIONAL STANDARD BOOK NUMBER
ISBN 9780194770521
050 ## - CALL MARK
Classification number PE 1128 .L59/
100 ## - STATEMENT OF RESPONSIBILITY--MAIN AUTHOR NAME
Personal name Liz
245 #0 - TITLE STATEMENT
Title New headway : elementary workbook with key
250 ## - EDITION / VOLUME STATEMENT
Edition / Volume statement 4th ed.
260 ## - PUBLICATION, DISTRIBUTION, ETC. (IMPRINT)
Place of publication New York
260 ## - PUBLICATION, DISTRIBUTION, ETC. (IMPRINT)
Name of publisher Oxford University Press
260 ## - PUBLICATION, DISTRIBUTION, ETC. (IMPRINT)
Year of publication 2011
650 ## - SUBJECT ADDED ENTRY--TOPICAL TERM
Topical Term English language--Textbooks for foreign speakers. English language--United States--Problems, exercises, etc. English language--Grammar--Problems, exercises, etc. Vocabulary--Problems, exercises, etc.
942 ## - ADDED ENTRY ELEMENTS (KOHA)
Koha item type Books
Holdings
Withdrawn status Lost status Source of classification or shelving scheme Damaged status Not for loan Permanent Location Current Location Date acquired Accession Number Price effective from Koha item type
    Library of Congress Classification     NILE UNIVERSITY OF NIGERIA - MAIN LIBRARY NILE UNIVERSITY OF NIGERIA - MAIN LIBRARY 04/23/2025 0000658 04/23/2025 Books